| 000 | 00501cam a2200205ua 4500 | ||
|---|---|---|---|
| 001 | 169 | ||
| 008 | 110707n ii |||gr||||Z||||||eng | ||
| 020 | _a81-7033-196-4 | ||
| 020 | _a81-7033-197-8 | ||
| 040 | _cMAIN | ||
| 082 | _a301.0954 | ||
| 245 |
_aIndian social system. _cBy Ram Ahuja. |
||
| 250 | _a1st. | ||
| 260 |
_aNew Delhi.: _bRawat publication., _c2007. |
||
| 300 | _axiv, 458 p.:5 cm. | ||
| 653 | _aSociology. | ||
| 653 | _aIndian social system. | ||
| 700 | _aAhuja, Ram., | ||
| 942 | _cBK | ||
| 999 |
_c153 _d153 |
||